Φορτώνει......
Swarba kakka /
| Κύριος συγγραφέας: | |
|---|---|
| Μορφή: | Printed Book |
| Γλώσσα: | Malayalam |
| Έκδοση: |
Thiruvananthapuram :
Prabhath ,
1988.
|
| LEADER | 00489nam a2200145Ia 4500 | ||
|---|---|---|---|
| 008 | 150624b xxu||||| |||| 00| | mal d | ||
| 082 | |a 398.2 | ||
| 100 | |a Ravindran Nair, P. K. | ||
| 245 | |c P. K. Ravindran Nair |a Swarba kakka / | ||
| 260 | |a Thiruvananthapuram : |b Prabhath , |c 1988. | ||
| 300 | |a 46 p. | ||
| 546 | |a In Malayalam. | ||
| 942 | |c BK | ||
| 999 | |c 80833 |d 80833 | ||
| 952 | |0 1 |1 0 |4 0 |6 398_200000000000000_RAV_S_M |7 0 |9 80777 |a UL |b UL |c ST1 |d 1998-08-28 |l 0 |o 398.2 RAV/S M |p 60002 |r 2012-10-27 |w 2012-10-27 |y BK | ||